Buying Behavior and Planned Obsolescence in the Fashion Industry
Cieľom štúdie je identifikovať postoje spotrebiteľov k plánovanému zastarávaniu, ako aj dozvedieť sa o ich návykoch pri nákupe oblečenia - dotazníkový prieskum.
Saved in:
| Main Author: | |
|---|---|
| Other Authors: | |
| Format: | Book Chapter |
| Language: | English |
| Subjects: | |
| Tags: |
No Tags, Be the first to tag this record!
|
MARC
| LEADER | 00000naa a2200000 4500 | ||
|---|---|---|---|
| 001 | 0292227 | ||
| 005 | 20230504101206.7 | ||
| 041 | 0 | |a eng | |
| 044 | |a SK | ||
| 245 | 1 | 0 | |a Buying Behavior and Planned Obsolescence in the Fashion Industry |c Kamilla Baša, Emese Szabó Farkas |
| 520 | |a Cieľom štúdie je identifikovať postoje spotrebiteľov k plánovanému zastarávaniu, ako aj dozvedieť sa o ich návykoch pri nákupe oblečenia - dotazníkový prieskum. | ||
| 610 | 2 | 0 | |a správanie spotrebiteľa |
| 610 | 2 | 0 | |a nákup |
| 610 | 2 | 0 | |a priemysel odevný |
| 610 | 2 | 0 | |a priemysel textilný |
| 610 | 2 | 0 | |a udržateľnosť |
| 610 | 2 | 0 | |a životnosť výrobkov |
| 610 | 2 | 0 | |a dotazníky |
| 610 | 2 | 0 | |a prieskum |
| 100 | 1 | |a Baša, Kamilla | |
| 700 | 1 | |a Szabó Farkas, Emese | |